000 00646nam a22002177a 4500
005 20150415163727.0
010 _aENG-112686
020 _a9781259062858
_c599.00
020 _a12590662856
_c599.00
035 _aEN-96218
037 _bDBAD/PUB
082 _a546
100 _aGarg, Rajni
245 _aInorganic chemistry /
_cby Rajni Garg [and] Randhir Singh
260 _aNoida
_bMcGraw Hill Education
_c2015
270 _aB-4, Sector-63, Gautam Budh Nagar,
_bNoida
_e201301
300 _avarious pagings :
_c25cm(pbk)
_bill.
500 _aIncludes index
700 _aRandhir Singh
942 _2ddc
_cEN
_mGAR
_h546
999 _c92864
_d92864